|
|
|
|
| LEADER |
00000nab a2200000 a 4500 |
| 001 |
vtls008159416 |
| 003 |
SK-MaSNL |
| 005 |
20260426083733.0 |
| 008 |
250505c2004 xo |r|p|||an |000 b|slo |
| 015 |
|
|
|a SNBRB2005/06
|
| 035 |
|
|
|a (uuid)79e29bc0-d144-4c31-bc3b-bc52a8661963
|
| 035 |
|
|
|a urn:nbn:sk:snk-ab9t1y
|
| 035 |
|
|
|a (urnnbn)urn:nbn:sk:snk:ar-a08rtq
|
| 038 |
|
|
|a SPK
|
| 040 |
|
|
|a SNKBUCL
|b slo
|c SNKBUCL
|e AACR2
|
| 041 |
0 |
|
|a slo
|
| 044 |
|
|
|a xo
|c SK
|
| 080 |
|
|
|a 004.42
|2 1997
|
| 080 |
|
|
|a 004.77
|2 1997
|
| 080 |
|
|
|a 37
|2 1997
|
| 100 |
1 |
|
|a Polák, Jozef
|4 aut
|9 5141
|
| 245 |
1 |
0 |
|a Class Server
|c Jozef Polák, Michal Munk
|
| 300 |
|
|
|b Obr.
|
| 650 |
0 |
7 |
|a počítačové programy
|2 spk
|9 1222
|
| 650 |
0 |
7 |
|a vzdelávanie
|2 spk
|9 4033
|
| 650 |
0 |
7 |
|a serverový softvér
|2 spk
|9 72811
|
| 700 |
1 |
|
|a Munk, Michal,
|d 1979-
|4 aut
|9 206408
|
| 773 |
0 |
|
|t Technológia vzdelávania
|g Roč. XII., č. 7 (2004)
|g Č. 7 (2004), s. 2-3
|x 1335-003X
|
| 773 |
0 |
|
|t Slovenský učiteľ
|g Roč. XII., č. 7 (2004)
|g Č. 7 (2004), s. 2-3
|x 1335-003X
|
| 850 |
|
|
|a Slovenská národná knižnica
|
| 852 |
|
|
|a Slovenská národná knižnica
|
| 954 |
|
|
|a odborná, vedecká literatúra pôvodná (slovenská)
|2 lita
|
| 958 |
|
|
|a article13
|
| 958 |
|
|
|a OND
|
| 958 |
|
|
|a EUIPO
|
| 999 |
|
|
|c 2913237
|d 2915167
|